| 000 | 00919naa a2200265 c 4500 | ||
|---|---|---|---|
| 001 | 30429 | ||
| 003 | ES-MaCES | ||
| 005 | 20221201040016.0 | ||
| 008 | 971210n1997 sp ||| | spa d | ||
| 035 | _aCES19980043793v | ||
| 040 |
_aES-MaCES _bspa _cES-MaCES |
||
| 100 | 1 |
_aSánchez Trigueros, Carmen _923349 |
|
| 245 | 1 | 3 |
_aEl contrato para la formación en el vigente Derecho español _cCarmen Sánchez Trigueros |
| 650 | 4 |
_arégimen jurídico _929894 |
|
| 650 | 4 |
_aEspaña _926964 |
|
| 650 | 4 |
_areforma legislativa _929892 |
|
| 650 | 4 |
_aderecho del trabajo _927165 |
|
| 650 | 4 |
_acontrato de aprendizaje _929927 |
|
| 653 | 1 | 0 | _aDerecho del trabajo y Seguridad Social |
| 650 | 4 |
_927392 _aformación |
|
| 773 | 0 |
_tAranzadi social _gPamplona. - 1997, n. 14 (nov.) ; p. 41-62 _w(ES-MaCES)25655 |
|
| 902 | _aART Artículo de revista | ||
| 942 |
_2CES _cAR _h6.0.1. |
||
| 999 |
_c30429 _d30429 |
||